Statistiken für Haltestellen der Schottentor-Straßenbahnen

Klicken Sie hier um das Quiz zu spielen!

Allgemein

  • Dieses Quiz wurde 31 mal gespielt
    (22 seit der letzten Aktualisierung)
  • Das Durchschnittsergebnis liegt bei 50 aus 67

Antwortstatistiken

StraßenbahnHaltestelle% Korrekt
D, 1, 37, 38, 40, 41, 42, 43, 44, 71Schottentor
100%
38Grinzing
94%
37, 38Nußdorfer Straße
94%
5, 33, 37, 38, 40, 41, 42Spitalgasse
94%
40, 41, 42Währinger Straße
94%
43Alser Straße
88%
2, 10, 43Dornbach
88%
9, 43Elterleinplatz
88%
43Hernals
88%
2, 9, 44J.-N.-Berger-Platz
88%
5, 33, 43, 44Lange Gasse
88%
43Neuwaldegg
88%
44, 46Ottakring
88%
9, 43Rosensteingasse
88%
37, 38, 40, 41, 42Sensengasse
88%
42Antonigasse
81%
43, 44Brünnlbadgasse
81%
43Dornbacher Straße
81%
9, 40, 41Gersthof
81%
44Hernalser Gürtel
81%
43Himmelmutterweg
81%
37Hohe Warte
81%
43, 44Landesgerichtsstraße
81%
10, 44, 46Maroltingergasse
81%
43Palffygasse
81%
41Pötzleinsdorf
81%
37, 38, 40, 41, 42Schwarzspanierstraße
81%
43, 44Skodagasse
81%
43Wattgasse
81%
44Yppengasse
81%
5, 33, 37, 38Alserbachstraße
75%
40, 41Aumannplatz
75%
37, 38Canisiusgasse
75%
44Familienplatz
75%
42Michelbeuern
75%
38Oberdöbling
75%
37Barawitzkagasse
69%
37Döblinger Bad
69%
44Frauengasse
69%
40Herbeckstraße
69%
42J.-N.-Vogl-Platz
69%
40, 41Kutschkergasse
69%
40, 41Martinstraße
69%
37Pokornygasse
69%
40, 41Weinhauser Gasse
69%
38A. d. l. Lüssen
63%
40Eckpergasse
63%
42Eduardgasse
63%
38Gatterburggasse
63%
37Gatterburggasse
63%
37, 38Glatzgasse
63%
37Guneschgasse
63%
44J.-Krawarik-Gasse
63%
38Paradisgasse
63%
44Redtenbachergasse
63%
9, 40Schöffelgasse
63%
38Sieveringer Str.
63%
9, 42Sommarugagasse
63%
41Türkenschanzplatz
63%
9, 42Vinzenzgasse
63%
44Weinheimergasse
63%
40Alsegger Straße
56%
41Erndtgasse
56%
38Hardtgasse
56%
37Perntergasse
56%
41Scheibenbergstraße
56%
38Silbergasse
56%

Verteilung der Resultate

Perzentil nach korrekt beantworteten Fragen

Anzahl Personen mit jedem Resultat

Ihre Resultats-Entwicklung

Sie haben dieses Quiz seit der letzten Aktualisierung nicht gespielt